00635 2200241 4500001002100000005001500021035002000036245008300056100001900139250000600158300003500164700001700199260003700216082001000253084001700263020001800280650001000298990001700308990001700325990001700342990001700359990001700376INLIS00000000000060920190118113645 a0010-01190000651 aBudi Daya Jambu Biji Buah Multimanfaat /cT. Puji Rahayu; Editor, Rini Subekti0 aT. Puji Rahayu a- avi, 58 hlm. :bilus. ;c21 cm.0 aRini Subekti aSemarang :bCV Aneka Ilmu,c2007 a634.4 a634.4 PUJ b a979-736-780-0 aJambu a02241/P/2018 a02242/P/2018 a02243/P/2018 a02244/P/2018 a02245/P/2018